Debakel bratislavského ŠKP v Prahe HIL - 12. kolo: Piatkový košický príklad nasledovali Sečovce a Považská Bystrica

Bibliographic Details
Format: Article
Language:Slovak
PhysicalDescription:Fotogr.
ISSN:0139-7001
Subjects:

MARC

LEADER 00000nab a2200000 a 4500
001 vtls000774125
003 SK-MaSNL
005 20260302152421.0
008 180206c2001 xo 0 slo
015 |a SNBRB2001/11-32706 
035 |a CLN000125912 
040 |a SNKBUCL  |b slo  |c SNKBUCL  |e AACR2 
041 0 |a slo 
044 |a xo  |c SK 
080 |a 796.322.093.1  |2 UDC-MRF-SK2 
245 0 0 |a Debakel bratislavského ŠKP v Prahe  |b HIL - 12. kolo: Piatkový košický príklad nasledovali Sečovce a Považská Bystrica 
300 |b Fotogr. 
650 0 7 |a hádzaná  |x HIL  |y sezóna 2001/2002  |x kolo 12.  |2 snkbucl  |9 845695 
655 7 |a články z novín a časopisov  |2 snkbucl  |9 267496 
773 0 |x 0139-7001  |t Šport  |g Roč. 55, č. 249 (29.10.2001), s. 34 
850 |a Slovenská národná knižnica v Martine 
852 |a SNK  |b KIS3GCP 
958 |a RBX 
999 |c 1362539  |d 1364469